000
00294nam a2200121Ia 4500
008
220216s9999 xx 000 0 und d
245
0
_a
Prices turn bullish, how long ?
260
_b
Rubber Asia
_c
2015
300
_a
84-87
500
_a
Source Year: 2015
650
_a
Rubber price
942
_c
JS
999
_c
65692
_d
65692